<?xml version="1.0" encoding="UTF-8"?><?xml-stylesheet type="text/xsl" href="static/style.xsl"?><OAI-PMH xmlns="http://www.openarchives.org/OAI/2.0/" xmlns:xsi="http://www.w3.org/2001/XMLSchema-instance" xsi:schemaLocation="http://www.openarchives.org/OAI/2.0/ http://www.openarchives.org/OAI/2.0/OAI-PMH.xsd"><responseDate>2026-04-27T12:35:29Z</responseDate><request verb="GetRecord" identifier="oai:uvadoc.uva.es:10324/5590" metadataPrefix="marc">https://uvadoc.uva.es/oai/request</request><GetRecord><record><header><identifier>oai:uvadoc.uva.es:10324/5590</identifier><datestamp>2021-06-29T10:00:38Z</datestamp><setSpec>com_10324_38</setSpec><setSpec>col_10324_852</setSpec></header><metadata><record xmlns="http://www.loc.gov/MARC21/slim" xmlns:doc="http://www.lyncode.com/xoai" xmlns:xsi="http://www.w3.org/2001/XMLSchema-instance" xmlns:dcterms="http://purl.org/dc/terms/" xsi:schemaLocation="http://www.loc.gov/MARC21/slim http://www.loc.gov/standards/marcxml/schema/MARC21slim.xsd">
<leader>00925njm 22002777a 4500</leader>
<datafield tag="042" ind1=" " ind2=" ">
<subfield code="a">dc</subfield>
</datafield>
<datafield tag="720" ind1=" " ind2=" ">
<subfield code="a">Piloñeta Alonso, Rocío</subfield>
<subfield code="e">author</subfield>
</datafield>
<datafield tag="260" ind1=" " ind2=" ">
<subfield code="c">2014</subfield>
</datafield>
<datafield tag="520" ind1=" " ind2=" ">
<subfield code="a">Este trabajo aborda cómo el fotógrafo Chema Madoz realiza sus trabajos de fotografía, analizando sus característicsa, su evolución a lo largo de los años y poniendo como ejemplos algunas de sus fotografías. Es importante tener en cuenta las referencias sobre las que el fotógrafo ha creado su obra; por ello, se realizará un análisis de relación entre artistas del surrealismo y fotógrafos que siguen una línea similar a la de Madoz, a fin de establecer lazos de unión entre ellos. Para finalizar, se tendrán en cuenta los propios trabajos de Madoz en el ámbito de la publicidad, y se recogerán otras piezas publicitarias cuya forma de plasmar el producto o servicio sea a través de la poesía visual, obteniendo una reflexión final para averiguar si sería afectiva o no esta manera de ver el mundo en los mensajes publicitarios.</subfield>
</datafield>
<datafield tag="024" ind2=" " ind1="8">
<subfield code="a">http://uvadoc.uva.es/handle/10324/5590</subfield>
</datafield>
<datafield ind1=" " ind2=" " tag="653">
<subfield code="a">Madoz, Chema</subfield>
</datafield>
<datafield ind1=" " ind2=" " tag="653">
<subfield code="a">Fotografía publicitaria</subfield>
</datafield>
<datafield ind1=" " ind2=" " tag="653">
<subfield code="a">Poesía visual</subfield>
</datafield>
<datafield tag="245" ind1="0" ind2="0">
<subfield code="a">Chema Madoz, poesía visual y su tratamiento en publicidad</subfield>
</datafield>
</record></metadata></record></GetRecord></OAI-PMH>